Lo que usted debe conocer acerca del Dictamen Fiscal

Detalles Bibliográficos
Autor principal: Přez Curiel, Jorge Alberto
Formato: eBook
Lenguaje:español
Publicado: Mx̌ico D.F. : Instituto Mexicano de Contadores Pb︢licos, 2011
Materias:
Acceso en línea:http://www.vlex.com/source/7075

MARC

LEADER 00000nam a22000007a 4500
005 20130301151405.0
007 cr|||| ||||
008 130301e2011 mx |||||s|||| 00||0 spa d
020 |a 978-607-7620-88-4 
035 |a 7075 
040 |a vLex 
090 |c 3813  |d 3813 
100 1 0 |a Přez Curiel, Jorge Alberto 
245 1 0 |a Lo que usted debe conocer acerca del Dictamen Fiscal  |c / Jorge Alberto Přez Curiel  |h [Recurso electrn̤ico] 
256 |a Acceso restringido 
260 |a Mx̌ico D.F. :  |b Instituto Mexicano de Contadores Pb︢licos,   |c 2011 
300 |a 1 Recurso electrn̤ico 
506 |d vLex Global  |d vLex Global (Academic Edition, excluding Law Schools)  |d vLex Global (U.S. Academic Edition, Law Schools)  |d vLex Global (U.S. Academic Edition, excluding Law Schools)  |d vLex Global (Academic Edition, Law Schools) 
650 0 4 |a Derecho tributario  |z Mx̌ico 
650 0 4 |a Empresa  |z Mx̌ico 
740 |a vLex Libros (Servicio en ln̕ea) 
856 |a Acceso restringido  |u http://www.vlex.com/source/7075 
942 |c BOOK 
999 0 |a Enterprise